Novel Bioactive Dental Fillings for Secondary Caries / (Record no. 616199)

000 -LEADER
fixed length control field 01762nam a22001577a 4500
082 ## - DEWEY DECIMAL CLASSIFICATION NUMBER
Classification number 610
100 ## - MAIN ENTRY--PERSONAL NAME
Personal name Abbasi, Aliza Anwaar
245 ## - TITLE STATEMENT
Title Novel Bioactive Dental Fillings for Secondary Caries /
Statement of responsibility, etc. Aliza Anwaar Abbasi
264 ## - PRODUCTION, PUBLICATION, DISTRIBUTION, MANUFACTURE, AND COPYRIGHT NOTICE
Place of production, publication, distribution, manufacture Islamabad :
Name of producer, publisher, distributor, manufacturer SMME- NUST;
Date of production, publication, distribution, manufacture, or copyright notice 2026.
300 ## - PHYSICAL DESCRIPTION
Extent 64p.
Other physical details Soft Copy
Dimensions 30cm
500 ## - GENERAL NOTE
General note Secondary caries rests as the most important challenge in resin-based dental composites,<br/>encouraging search of bioactive fillers like silanized hydroxyapatites and fluorides to increase<br/>antibacterial performance without negotiating mechanical integrity. This study developed and<br/>verified novel UDMA-based composites: a control with camphorquinone photoinitiator, whereas<br/>the experimental group integrating APTES-silanized hydroxyapatite plus calcium fluoride.<br/>Antibacterial efficacy was evaluated via disk diffusion assays against Staphylococcus aureus and<br/>Escherichia coli, revealing clear zones of inhibition nearby experimental disks greater than<br/>controls representing fluoride-driven disruption of bacterial growth. Wide-ranging<br/>characterization, including SEM, FTIR, EDX analysis, water absorption and solubility done by the<br/>use of artificial saliva confirmed efficacious synthesis, structural integrity, and the existence of<br/>preferred functional groups. Outcomes highlight these formulations potential to limit oral biofilms<br/>and improve restorative durability, with silanization helping filler dispersion and ion release; future<br/>work should measure mechanical properties and continuing fluoride kinetics for medical<br/>translation.
650 ## - SUBJECT ADDED ENTRY--TOPICAL TERM
Topical term or geographic name entry element MS Biomedical Sciences (BMS)
700 ## - ADDED ENTRY--PERSONAL NAME
Personal name Supervisor: Dr. Sabah Javaid
856 ## - ELECTRONIC LOCATION AND ACCESS
Uniform Resource Identifier <a href="http://10.250.8.41:8080/xmlui/handle/123456789/57400">http://10.250.8.41:8080/xmlui/handle/123456789/57400</a>
942 ## - ADDED ENTRY ELEMENTS (KOHA)
Source of classification or shelving scheme
Koha item type Thesis
Holdings
Withdrawn status Permanent Location Current Location Shelving location Date acquired Full call number Barcode Koha item type
  School of Mechanical & Manufacturing Engineering (SMME) School of Mechanical & Manufacturing Engineering (SMME) E-Books 02/13/2026 610 SMME-TH-1209 Thesis
© 2023 Central Library, National University of Sciences and Technology. All Rights Reserved.